Little Black John /

Hlavní autor: Chovanec, Jan, 1934-
Jazyk: Angličtina
Vydáno: Uherský Brod : Jaspis, [2003?]
Vydání: 3. vyd.
Témata:
Fyzický popis: 11 s. ; 15 cm
Knihy
Uloženo v:
LEADER 01247nam a2200385 a 4500
001 000706380
003 CZ BrMZK
005 20040323070344.0
007 ta
008 040217s2003 xr e 000 m eng d
015 |a cnb001298888 
020 |a 80-903197-7-7  |q (brož.) 
035 |a (OCoLC)56854746 
040 |a BOA001  |b cze 
041 1 |a eng  |h cze 
043 |a e-xr---  |b e-xr-zl  |2 czenas 
072 7 |a 94(437)  |x Dějiny Česka a Slovenska  |2 Konspekt  |9 8 
080 |a (0:82-32)  |2 MRF 
080 |a 94(437.323)  |2 MRF 
080 |a 821.162.3-34  |2 MRF 
080 |a 398.21(=162.3)  |2 MRF 
080 |a (0:82-34)  |2 MRF 
100 1 |a Chovanec, Jan,  |d 1934-  |7 jn20000400398  |4 aut 
245 1 0 |a Little Black John /  |c Jan Chovanec ; [translation Jan Chovanec jr.] 
250 |a 3. vyd. 
260 |a Uherský Brod :  |b Jaspis,  |c [2003?] 
300 |a 11 s. ;  |c 15 cm 
500 |a Překlad z češtiny 
650 0 7 |a české pověsti  |7 ph128145  |2 czenas 
655 7 |a příběhy  |7 fd133204  |2 czenas 
655 7 |a pověsti  |7 fd133104  |2 czenas 
651 7 |a Uherský Brod (Česko)  |7 ge131203  |x dějiny  |2 czenas 
910 |a BOA001  |b 1-1130.185 
990 |a BK 
996 6 |b 2610213171  |c 1-1130.185  |l MZK  |r Sklad / do 1 hodiny  |n 0  |p p.v.  |w 000706380  |u 000010  |a 1  |e BOA001  |j MZK50  |s P